| 000 | 00808nam a2200241Ia 4500 | ||
|---|---|---|---|
| 003 | GCL | ||
| 005 | 20240530103124.0 | ||
| 008 | 140319s9999 xx 000 0 ara d | ||
| 040 |
_aGCL / _cGCL |
||
| 082 | 0 | 4 |
_a916 _bم أ |
| 100 | 1 | _aمحمد رياض | |
| 245 | 1 | 0 |
_aافريقيا : _bدراسة لمقومات القارة / _cتاليف محمد رياض ، كوثر عبدالرسول |
| 250 | _aط2 | ||
| 260 |
_aبيروت : _bدار النهضة العربية ، _c1973 |
||
| 300 |
_a642 ص ؛ _c24سم |
||
| 650 | 0 | 4 | _aافريقيا |
| 650 | 0 | 4 | _aافريقيا - مناخ |
| 650 | 0 | 4 | _aالنمو السكانى |
| 650 | 0 | 4 | _aافريقيا - الاحوال الاجتماعية |
| 650 | 0 | 4 | _aافريقيا - السكان |
| 700 | 1 | _aكوثر عبدالرسول | |
| 942 |
_2ddc _cBK |
||
| 999 |
_c36991 _d36991 |
||